LEAVE US ALONE GETTING THE GOVERNMENT'S HANDS OFF OUR MONEY,OUR GUNS,OUR LIVES / (Record no. 615656)
[ view plain ]
| 000 -LEADER | |
|---|---|
| fixed length control field | 00401nam a22001337a 4500 |
| 020 ## - INTERNATIONAL STANDARD BOOK NUMBER | |
| Qualifying information | HB. |
| 040 ## - CATALOGING SOURCE | |
| Transcribing agency | FIZZA ISHAQ |
| 082 ## - DEWEY DECIMAL CLASSIFICATION NUMBER | |
| Classification number | 320.520 |
| Author Mark | GRO |
| 100 ## - MAIN ENTRY--PERSONAL NAME | |
| Personal name | NORQUIST,GROVER. |
| 9 (RLIN) | 132521 |
| 245 ## - TITLE STATEMENT | |
| Title | LEAVE US ALONE GETTING THE GOVERNMENT'S HANDS OFF OUR MONEY,OUR GUNS,OUR LIVES / |
| Statement of responsibility, etc. | GROVER NORQUIST. |
| 260 ## - PUBLICATION, DISTRIBUTION, ETC. | |
| Place of publication, distribution, etc. | NEW YORK; |
| Name of publisher, distributor, etc. | HARPER COLLINS, |
| Date of publication, distribution, etc. | 2008. |
| 300 ## - PHYSICAL DESCRIPTION | |
| Extent | 360 P. ; |
| Dimensions | 9.3X6.1IN |
| 942 ## - ADDED ENTRY ELEMENTS (KOHA) | |
| Source of classification or shelving scheme | |
| Koha item type | Book |
No items available.
